000 00816nam a22002297a 4500
999 _c1281
_d1281
003 AR-CdUCM
008 190226b ||||| |||| 00| 0 spa d
040 _aMUNICIPALIDAD PROVINCIAL DEL CUSCO
_cBIBLIOTECA MUNICIPAL DEL CUSCO
082 _a918.5 /
_bC35
100 _aCastro Bastos, Leonidas
_94958
245 _aPaisajes Natural y Cultural del Perú /
260 _aPerú :
_bUniverso S. A. ;
_c1971.
300 _a251 páginas
_bfotografías, ilustraciones
_c21cm
505 _aLas tres regiones del Perú -- La Cordillera Andina -- El mar y los costeños -- El paisaje subterráneo -- Las minas
650 _aFisiología
_94959
650 _aEcología
_94960
650 _aHabitat
_94961
650 _aUrbanismo
_94748
650 _aTradición
_92335
942 _2ddc
_cLIBROS
945 _anom
_d2019-02-26